Statistiken für Fernsehen: Wer präsentiert die Sendung?

Klicken Sie hier um das Quiz zu spielen!

Allgemein

  • Dieses Quiz wurde 729 mal gespielt
    (69 seit der letzten Aktualisierung)
  • Das Durchschnittsergebnis liegt bei 11 aus 17

Antwortstatistiken

SendungSenderModerator(in)% Korrekt
Wer wird Millionär?RTLGünther Jauch
100%
Germany’s Next TopmodelProSiebenHeidi Klum
91%
Wer weiß denn sowas?Das ErsteKai Pflaume
86%
Bares für RaresZDFHorst Lichter
84%
Wer stiehlt mir die Show?ProSiebenJoko Winterscheidt
84%
Late Night BerlinProSiebenKlaas Heufer-Umlauf
81%
Inas NachtDas ErsteIna Müller
70%
Gefragt gejagtDas ErsteAlexander Bommes
69%
Bauer sucht FrauRTLInka Bause
67%
Ich bin ein Star - Holt mich hier raus (gemeinsam mit Jan Köppen)RTLSonja Zietlow
66%
heute-showZDFOliver Welke
63%
Genial danebenRTL 2Hugo Egon Balder
58%
Verstehen Sie Spaß?Das ErsteBarbara Schöneberger
53%
The Masked SingerProSiebenMatthias Opdenhövel
53%
stern TVRTLSteffen Hallaschka
41%
Aktenzeichen XY … ungelöstZDFRudi Cerne
38%
hart aber fairDas ErsteLouis Klamroth
25%

Verteilung der Resultate

Perzentil nach korrekt beantworteten Fragen

Anzahl Personen mit jedem Resultat

Ihre Resultats-Entwicklung

Sie haben dieses Quiz seit der letzten Aktualisierung nicht gespielt